<?xml version="1.0" encoding="UTF-8"?>
<collection xmlns="http://www.loc.gov/MARC21/slim">
 <record>
  <leader>01981nam a2200205Ia 4500</leader>
  <controlfield tag="001">CTU_64729</controlfield>
  <controlfield tag="008">210402s9999    xx            000 0 und d</controlfield>
  <datafield tag="020" ind1=" " ind2=" ">
   <subfield code="b">27000</subfield>
  </datafield>
  <datafield tag="082" ind1=" " ind2=" ">
   <subfield code="a">895.9223081</subfield>
  </datafield>
  <datafield tag="082" ind1=" " ind2=" ">
   <subfield code="b">Th108</subfield>
  </datafield>
  <datafield tag="100" ind1=" " ind2=" ">
   <subfield code="a">Phạm, Minh Thảo</subfield>
  </datafield>
  <datafield tag="245" ind1=" " ind2="0">
   <subfield code="a">Các vụ án lớn trong lịch sử cổ đại Việt Nam</subfield>
  </datafield>
  <datafield tag="245" ind1=" " ind2="0">
   <subfield code="c">Phạm Minh Thảo</subfield>
  </datafield>
  <datafield tag="260" ind1=" " ind2=" ">
   <subfield code="a">Hà Nội</subfield>
  </datafield>
  <datafield tag="260" ind1=" " ind2=" ">
   <subfield code="b">Văn hóa thông tin</subfield>
  </datafield>
  <datafield tag="260" ind1=" " ind2=" ">
   <subfield code="c">2004</subfield>
  </datafield>
  <datafield tag="520" ind1=" " ind2=" ">
   <subfield code="a">Lịch sử thế giới từ lâu đã có những vụ án nổi danh, gây ấn tượng sâu sắc cho nhiều thế hệ. Có vụ án văn chương như Đrâyfut, có vụ án chính trị như vụ án Đimitơrôp. Có những vụ án gây tiếng vang và tạo nên hình tượng kỳ diệu như các &quot;kỳ án&quot; của Bao Công (Trung Quốc)... xem lại hồ sơ của các vụ án ấy, chúng ta như được sống lại thực tế của cả một xã hội, một giai đoạn lịch sử phương Đông, phương Tây và nhất là được thấy rõ hơn vấn đề công lý của loài người, bản chất của các chế độ xã hội. Bài học lịch sử mà đúng là bài học nhân sinh, bài học của &quot;đời&quot;. Ở Việt Nam ta cũng đã xảy ra nhiều vụ án lớn, cả dưới thời phong kiến, thời thuộc địa và tất nhiên là cả với ngày nay. Ôn lại các &quot;án xưa tích cũ&quot; như vậy là một điều ích lợi, một thú vị cho sự khám phá và tìm tòi. Không phải chỉ là để thoả trí tò mò mà thực sự là để có những bài học thiết thực.</subfield>
  </datafield>
  <datafield tag="650" ind1=" " ind2=" ">
   <subfield code="a">historical fiction, vietnamese</subfield>
  </datafield>
  <datafield tag="904" ind1=" " ind2=" ">
   <subfield code="i">TUYẾN</subfield>
  </datafield>
  <datafield tag="980" ind1=" " ind2=" ">
   <subfield code="a">Trung tâm Học liệu Trường Đại học Cần Thơ</subfield>
  </datafield>
 </record>
</collection>
